Clubs de rugby en Provence-Alpes-Côte d'Azur - Statistiques

Statistiques générales
  • Ce quiz a été pris 70 fois
  • Le résultat moyen est 3 sur 5
Statistiques - réponses
Championnat Actuel Club % Correct
Top 14 RC Toulon
100%
Pro D2 Stade Niçois
89%
Pro D2 Provence Rugby
88%
Nationale RC Hyères
47%
Nationale 2 Avenir sportif de Bédarrides Châteauneuf-du-Pape
14%
Aucun quiz correspondant
Distribution des résultats
% des personnes avec chaque résultat
Percentile par nombre de réponses
Votre historique - résultats
Vous n’avez pas pris ce quiz